Comprehensive history:Part -1/ (Record no. 167709)

MARC details
000 -LEADER
fixed length control field 00609nam a22002057a 4500
005 - DATE AND TIME OF LATEST TRANSACTION
control field 20190917134220.0
010 ## - LCCN (DPL NO)
LC control number B-228675
020 ## - INTERNATIONAL STANDARD BOOK NUMBER
Terms of availability Rs.75:00
035 ## - SYSTEM CONTROL NUMBER
System control number B-228675
037 ## - SOURCE OF ACQUISITION
Source of stock number/acquisition Chronicle books
082 ## - DEWEY DECIMAL CLASSIFICATION NUMBER
Classification number 954.01
Item number COM
100 ## - MAIN ENTRY--PERSONAL NAME
Personal name Ojha,N.N.
245 ## - TITLE STATEMENT
Title Comprehensive history:Part -1/
Statement of responsibility, etc N.N.Ojha
Medium English
260 ## - PUBLICATION, DISTRIBUTION, ETC. (IMPRINT)
Place of publication, distribution, etc Noida(U.P)
Name of publisher, distributor, etc Chronicle books
Date of publication, distribution, etc 2008
270 ## - ADDRESS
Address A-26,Sector-2,Noida (U.P)
300 ## - PHYSICAL DESCRIPTION
Extent viii,230p.
Dimensions 22cm.(pbk)
650 ## - SUBJECT ADDED ENTRY--TOPICAL TERM
Topical term or geographic name as entry element HISTORY
942 ## - ADDED ENTRY ELEMENTS (KOHA)
Source of classification or shelving scheme Dewey Decimal Classification
Item type English Books
Classification part 954.01
Call number suffix COM
Holdings
Withdrawn status Lost status Not for loan Home library Current library Date acquired Cost, normal purchase price Full call number Barcode Koha item type Collection code
      R.C.Libraries (zls) R.C.Libraries (zls) 17/09/2019 75.00 954.01 COM B-228679 English Books Non-fiction
      R.C.Libraries (zls) Sarojini Nagar 17/09/2019 75.00 954.01 COM B-228675 English Books  

© Delhi Public Library
Hit Counter
free hit counter